书目信息 |
| 题名: |
大陆台湾一百年
|
|
| 作者: | 戚嘉林 著 | |
| 分册: | ||
| 出版信息: | 海口 海南出版社 2014.04 |
|
| 页数: | 314页 | |
| 开本: | 24cm | |
| 丛书名: | ||
| 单 册: | ||
| 中图分类: | D618 | |
| 科图分类: | ||
| 主题词: | 台湾问题--研究 , 台湾问题 | |
| 电子资源: | ||
| ISBN: | 978-7-5443-4220-9 | |
| 000 | 00928nam0 2200265 450 | |
| 001 | 0120141223521 | |
| 005 | 20160516171325.10 | |
| 010 | @a978-7-5443-4220-9@dCNY58.00 | |
| 100 | @a20140414d2014 em y0chiy0110 ea | |
| 101 | 0 | @achi |
| 102 | @aCN@b460000 | |
| 105 | @ay z 000yy | |
| 106 | @ar | |
| 200 | 1 | @a大陆台湾一百年@9da lu tai wan yi bai nian@f戚嘉林著 |
| 210 | @a海口@c海南出版社@d2014.04 | |
| 215 | @a314页@d24cm | |
| 330 | @a全书共分15章,孙中山革命之百年迷思;国共大陆三十年(1921-1949);美国裂解中国惊心动魄;国防科技跨越半个世纪;中国核武器横空出世;悲壮的强国梦;中美建交与重视台湾经济成就等。 | |
| 333 | @a一般读者 | |
| 512 | 1 | @a大陆台湾一百年@9da lu tai wan yi bai nian@e台湾前政府官员眼中的大陆台湾百年史 |
| 606 | 0 | @a台湾问题@x研究 |
| 606 | 0 | @a台湾问题 |
| 690 | @aD618@v5 | |
| 701 | 0 | @a戚嘉林@9qi jia lin@f(1951-)@4著 |
| 801 | 0 | @aCN@b人天书店@c20140414 |
| 905 | @b877000-05@dD618@e180@f6 | |
| 大陆台湾一百年/戚嘉林著.-海口:海南出版社,2014.04 |
| 314页;24cm |
| 使用对象:一般读者 |
| ISBN 978-7-5443-4220-9:CNY58.00 |
| 全书共分15章,孙中山革命之百年迷思;国共大陆三十年(1921-1949);美国裂解中国惊心动魄;国防科技跨越半个世纪;中国核武器横空出世;悲壮的强国梦;中美建交与重视台湾经济成就等。 |
| ● |
| 相关链接 |
|
|
|
|
正题名:大陆台湾一百年
索取号:D618/180
 
预约/预借
| 序号 | 登录号 | 条形码 | 馆藏地/架位号 | 状态 | 备注 |
| 1 | 877000 | 208770007 | 第一样本阅览室/ [索取号:D618/180] | 在馆 | |
| 2 | 877001 | 208770016 | 教育系资料室/ [索取号:D618/180] | 在馆 | |
| 3 | 877002 | 208770025 | 教育系资料室/ [索取号:D618/180] | 在馆 | |
| 4 | 877003 | 208770034 | 教育系资料室/ [索取号:D618/180] | 在馆 | |
| 5 | 877004 | 208770043 | 第一借阅区/ [索取号:D618/180] | 在馆 | |
| 6 | 877005 | 208770052 | 第一借阅区/ [索取号:D618/180] | 在馆 |